000 00418pam a2200157a 44500
008 230515b1998 xxu||||| |||| 00| 0 eng d
020 _aNULL
041 _aENGL
082 _a346.02 PAN.
100 _a"PANDIT M . S .,PANDIT S .,"
245 _aBUSINESS LAW
250 _a0
260 _aMUMBAI
_bHIMALAYA PUBLISHING HOUSE
_c1998
300 _aNULL
650 _a"BUSINESS LAW,INDIAN CONTRACT ACT,SALE OF GOODS ACT"
999 _c533334
_d533334